|
|
|
|
| LEADER |
00000nam0a2200000 4500 |
| 001 |
141897 |
| 005 |
20231031142553.0 |
| 010 |
|
|
|a 0387263241
|
| 035 |
|
|
|a (RuTPU)RU\TPU\book\153795
|
| 090 |
|
|
|a 141897
|
| 100 |
|
|
|a 20080828d2007 km y0engy50 ba
|
| 101 |
0 |
|
|a eng
|
| 102 |
|
|
|a US
|
| 105 |
|
|
|a a z 001zy
|
| 200 |
1 |
|
|a The hands-on guide for science communicators. A step-by-step approach to public outreach
|f L. L. Christensen
|
| 210 |
|
|
|a New York
|c Springer
|d 2007
|
| 215 |
|
|
|a 270 p.
|c il.
|
| 320 |
|
|
|a Glossary: p. 247-260.
|
| 320 |
|
|
|a Index: p. 261-270.
|
| 610 |
1 |
|
|a наука
|
| 610 |
1 |
|
|a научные исследования
|
| 610 |
1 |
|
|a научные разработки
|
| 610 |
1 |
|
|a техника
|
| 610 |
1 |
|
|a инновации
|
| 610 |
1 |
|
|a новые технологии
|
| 610 |
1 |
|
|a английский язык
|
| 686 |
|
|
|a Ч21
|v LBC/SL-A
|2 rubbk
|
| 700 |
|
1 |
|a Christensen
|b L. L.
|g Lars Lindberg
|
| 801 |
|
1 |
|a RU
|b 63413507
|c 20080828
|g PSBO
|
| 801 |
|
2 |
|a RU
|b 63413507
|c 20080926
|g PSBO
|
| 942 |
|
|
|c BK
|